15 Groups of 15- Geography - Statistics

General Stats
  • This quiz has been taken 3,815 times
    3,783 since last reset
  • The average score is 135 of 225
Answer Stats
Hint Answer % Correct
Post-Soviet States* | US States crossed by Interstate 95 Georgia
95%
Asian countries bordering the Pacific Ocean Japan
94%
Asian countries bordering the Pacific Ocean China
93%
15 Largest Islands in the World (by area) Great Britain
93%
Asian countries bordering the Pacific Ocean Indonesia
92%
All Countries bordering Italy (land & maritime) France
91%
Asian countries bordering the Pacific Ocean South Korea
91%
Asian countries bordering the Pacific Ocean Vietnam
91%
Asian countries bordering the Pacific Ocean North Korea
90%
Asian countries bordering the Pacific Ocean Philippines
90%
Post-Soviet States* Ukraine
90%
Post-Soviet States* Estonia
89%
Post-Soviet States* Kazakhstan
89%
Post-Soviet States* Latvia
89%
Post-Soviet States* Lithuania
89%
Asian countries bordering the Pacific Ocean Malaysia
89%
Asian countries bordering the Pacific Ocean | Post-Soviet States* Russia
89%
Asian countries bordering the Pacific Ocean Taiwan
89%
Capital Cities of 15 Largest Countries (by area) Washington DC
89%
Post-Soviet States Armenia
88%
Post-Soviet States* Azerbaijan
88%
Post-Soviet States* Belarus
88%
North American Countries NOT in the Lesser Antilles Mexico
88%
Capital Cities of 15 Largest Countries (by area) Mexico City
88%
All Countries bordering Italy (land & maritime) Slovenia
88%
All Countries bordering Italy (land & maritime) Switzerland
88%
Post-Soviet States* Turkmenistan
88%
15 Longest Rivers in the World Nile
87%
Asian countries bordering the Pacific Ocean Thailand
87%
Post-Soviet States* Uzbekistan
87%
All Countries bordering Italy (land & maritime) Vatican City
87%
15 Longest Rivers in the World Amazon
86%
Asian countries bordering the Pacific Ocean Cambodia
86%
Post-Soviet States* Kyrgyzstan
86%
All Countries bordering Italy (land & maritime) San Marino
86%
Asian countries bordering the Pacific Ocean Singapore
86%
Post-Soviet States* Tajikistan
86%
All Countries bordering Italy (land & maritime) Croatia
85%
North American Countries NOT in the Lesser Antilles Cuba
85%
Capital Cities of 15 Largest Countries (by area) Moscow
85%
All Countries bordering Italy (land & maritime) Austria
84%
Asian countries bordering the Pacific Ocean Brunei
83%
Post-Soviet States* Moldova
83%
US States crossed by Interstate 95 New York
83%
All Countries bordering Italy (land & maritime) Albania
82%
Capital Cities of 15 Largest Countries (by area) Beijing
82%
CARICOM Member States* | North American Countries NOT in the Lesser Antilles Haiti
82%
15 Largest Freshwater Lakes by Volume Lake Victoria
82%
15 Largest Islands in the World (by area) | All States and Territories of Australia Victoria
82%
North American Countries NOT in the Lesser Antilles Dominican Republic
81%
Asian countries bordering the Pacific Ocean East Timor
81%
All Countries bordering Italy (land & maritime) Greece
81%
CARICOM Member States* | North American Countries NOT in the Lesser Antilles Jamaica
81%
North American Countries NOT in the Lesser Antilles United States
81%
CARICOM Member States* | North American Countries NOT in the Lesser Antilles Bahamas
80%
Capital Cities of 15 Largest Countries (by area) Brasilia
80%
US States crossed by Interstate 95 Florida
80%
North American Countries NOT in the Lesser Antilles Honduras
80%
North American Countries NOT in the Lesser Antilles Nicaragua
80%
Capital Cities of 15 Largest Countries (by area) Ottawa
80%
CARICOM Member States* | North American Countries NOT in the Lesser Antilles Belize
79%
All Countries bordering Italy (land & maritime) Malta
79%
15 Longest Rivers in the World Mississippi
79%
North American Countries NOT in the Lesser Antilles Panama
79%
North American Countries NOT in the Lesser Antilles Canada
78%
North American Countries NOT in the Lesser Antilles Costa Rica
78%
North American Countries NOT in the Lesser Antilles El Salvador
78%
North American Countries NOT in the Lesser Antilles Guatemala
78%
15 Largest Freshwater Lakes by Volume Lake Michigan
78%
US States crossed by Interstate 95 North Carolina
78%
US States crossed by Interstate 95 South Carolina
78%
US States crossed by Interstate 95 Maine
77%
US States crossed by Interstate 95 Virginia
77%
All Countries bordering Italy (land & maritime) Algeria
76%
All States and Territories of Australia Australian Capital Territory | Jarvis Bay
76%
Muslim-Majority Countries* of the Middle East Iran
76%
Muslim-Majority Countries* of the Middle East Iraq
76%
15 Largest Freshwater Lakes by Volume Lake Superior
76%
US States crossed by Interstate 95 New Jersey
76%
Capital Cities of 15 Largest Countries (by area) Canberra
75%
US States crossed by Interstate 95 Delaware
75%
CARICOM Member States* Dominica
75%
All Countries bordering Italy (land & maritime) Libya
75%
US States crossed by Interstate 95 Maryland
75%
US States crossed by Interstate 95 Pennsylvania
75%
Muslim-Majority Countries* of the Middle East Saudi Arabia
75%
All Countries bordering Italy (land & maritime) Tunisia
75%
US States crossed by Interstate 95 Connecticut
74%
Muslim-Majority Countries* of the Middle East Egypt
74%
US States crossed by Interstate 95 Massachusetts
74%
Capital Cities of 15 Largest Countries (by area) New Delhi
74%
US States crossed by Interstate 95 New Hampshire
74%
Muslim-Majority Countries* of the Middle East Oman
74%
US States crossed by Interstate 95 Rhode Island
74%
All Countries bordering Italy (land & maritime) Spain
74%
Muslim-Majority Countries* of the Middle East Yemen
74%
15 Largest Freshwater Lakes by Volume Lake Erie
73%
Muslim-Majority Countries* of the Middle East Qatar
73%
Muslim-Majority Countries* of the Middle East Syria
73%
Muslim-Majority Countries* of the Middle East Turkey
73%
15 Largest Country Subdivisions (by area) | 15 Largest Islands in the World (by area) Greenland
72%
Muslim-Majority Countries* of the Middle East Jordan
72%
Muslim-Majority Countries* of the Middle East Lebanon
72%
Muslim-Majority Countries* of the Middle East Kuwait
71%
Muslim-Majority Countries* of the Middle East United Arab Emirates
71%
CARICOM Member States* Antigua and Barbuda
70%
Muslim-Majority Countries* of the Middle East Bahrain
70%
CARICOM Member States* Barbados
70%
15 Largest Freshwater Lakes by Volume Lake Ontario
70%
All Countries bordering Italy (land & maritime) Montenegro
70%
CARICOM Member States* Saint Kitts and Nevis
70%
15 Longest Rivers in the World Yellow
70%
Capital Cities of 15 Largest Countries (by area) Buenos Aires
69%
CARICOM Member States* Saint Lucia
69%
15 Largest Islands in the World (by area) Madagascar
68%
CARICOM Member States* Saint Vincent and the Grenadines
68%
CARICOM Member States* Trinidad and Tobago
68%
15 Largest Freshwater Lakes by Volume Lake Huron
67%
All States and Territories of Australia Tasmania
67%
CARICOM Member States* Grenada
66%
15 Longest Rivers in the World Yangtze
66%
15 Largest Country Subdivisions (by area) | All States and Territories of Australia Queensland
65%
Capital Cities of 15 Largest Countries (by area) Algiers
63%
All States and Territories of Australia New South Wales
62%
15 Longest Rivers in the World Congo
60%
15 Largest Freshwater Lakes by Volume Lake Baikal
60%
15 Longest Rivers in the World | ECOWAS Member States Niger
60%
15 Largest Country Subdivisions (by area) | All States and Territories of Australia Western Australia
60%
Capital Cities of 15 Largest Countries (by area) Jakarta
55%
Capital Cities of 15 Largest Countries (by area) Kinshasa
55%
Muslim-Majority Countries* of the Middle East Palestine
55%
All States and Territories of Australia Northern Territory
54%
15 Largest Country Subdivisions (by area) Northern Territory (Australia)
54%
15 Largest Islands in the World (by area) Borneo
53%
15 Largest Islands in the World (by area) Java
53%
Autonomous Communities of Peninsular Spain Catalonia
52%
Capital Cities of 15 Largest Countries (by area) Nur-Sultan
49%
All States and Territories of Australia South Australia
49%
15 Largest Islands in the World (by area) Honshu
48%
ECOWAS Member States Mali
48%
ECOWAS Member States Nigeria
48%
ECOWAS Member States Guinea
47%
Capital Cities of 15 Largest Countries (by area) Riyadh
47%
ECOWAS Member States Benin
46%
ECOWAS Member States Ghana
46%
ECOWAS Member States Senegal
46%
ECOWAS Member States Togo
46%
ECOWAS Member States Liberia
45%
15 Largest Islands in the World (by area) Sumatra
45%
15 Largest Islands in the World (by area) Baffin
44%
ECOWAS Member States Burkina Faso
44%
ECOWAS Member States Côte d'Ivoire
44%
ECOWAS Member States Gambia
44%
ECOWAS Member States Guinea-Bissau
44%
15 Largest Country Subdivisions (by area) Alaska
43%
15 Longest Rivers in the World Mekong
43%
15 Largest Islands in the World (by area) New Guinea
42%
15 Longest Rivers in the World Ob
42%
ECOWAS Member States Sierra Leone
42%
15 Largest Freshwater Lakes by Volume Lake Titicaca
41%
Autonomous Communities of Peninsular Spain Basque Country
40%
Autonomous Communities of Peninsular Spain Madrid
40%
15 Largest Freshwater Lakes by Volume Lake Malawi
38%
Autonomous Communities of Peninsular Spain Andalusia
36%
CARICOM Member States* Guyana
36%
15 Largest Freshwater Lakes by Volume Great Bear Lake
35%
ECOWAS Member States Cape Verde
34%
15 Largest Freshwater Lakes by Volume Lake Tanganyika
34%
CARICOM Member States* Suriname
34%
Autonomous Communities of Peninsular Spain Valencia
34%
15 Largest Freshwater Lakes by Volume Great Slave Lake
33%
All States and Territories of Australia Australian Antarctic Territory
31%
Capital Cities of 15 Largest Countries (by area) Copenhagen
31%
15 Largest Islands in the World (by area) Luzon
29%
15 Largest Islands in the World (by area) Ellesmere
27%
15 Largest Islands in the World (by area) North Island (New Zealand)
27%
15 Largest Islands in the World (by area) South Island (New Zealand)
27%
15 Largest Islands in the World (by area) Sulawesi
27%
Autonomous Communities of Peninsular Spain Galicia
26%
Autonomous Communities of Peninsular Spain Aragon
23%
All States and Territories of Australia Christmas Island
22%
15 Longest Rivers in the World Lena
22%
15 Largest Country Subdivisions (by area) Pará
22%
15 Longest Rivers in the World Amur
21%
15 Largest Country Subdivisions (by area) Northwest Territories (Canada)
21%
15 Longest Rivers in the World Río de la Plata / Paraná
21%
15 Largest Freshwater Lakes by Volume Lake Ladoga
18%
Autonomous Communities of Peninsular Spain Murcia
18%
15 Largest Country Subdivisions (by area) Nunavut
18%
15 Largest Country Subdivisions (by area) Quebec
18%
15 Longest Rivers in the World Yenisei
18%
Autonomous Communities of Peninsular Spain Navarre
16%
Autonomous Communities of Peninsular Spain Asturias
15%
Autonomous Communities of Peninsular Spain Extremadura
15%
15 Longest Rivers in the World Mackenzie
15%
15 Largest Country Subdivisions (by area) Tibet
15%
15 Largest Country Subdivisions (by area) Amazonas
13%
Autonomous Communities of Peninsular Spain Castilla-La Mancha
13%
Autonomous Communities of Peninsular Spain Castilla & León
13%
Autonomous Communities of Peninsular Spain La Rioja
13%
All States and Territories of Australia Norfolk Island
13%
All States and Territories of Australia Cocos (Keeling) Islands
12%
Autonomous Communities of Peninsular Spain Cantabria
11%
15 Largest Country Subdivisions (by area) Inner Mongolia
11%
15 Largest Country Subdivisions (by area) Xinjiang / Uyghur Autonomous Region
11%
CARICOM Member States* Montserrat
10%
15 Largest Freshwater Lakes by Volume Lake Vostok
8%
15 Largest Freshwater Lakes by Volume Lake Kivu
7%
15 Largest Country Subdivisions (by area) Sakha Republic / Yakutia
7%
All States and Territories of Australia Ashmore & Cartier Islands
6%
All States and Territories of Australia Coral Sea Islands
6%
All States and Territories of Australia Heard Island & McDonald Islands
6%
15 Largest Country Subdivisions (by area) Krasnoyarsk
6%
15 Longest Rivers in the World Bramahputra
5%
No matching quizzes found
Score Distribution
Percent of People with Each Score
Percentile by Number Answered
Your Score History
You have not taken this quiz since the last reset